000 00936nam a2200241 i 4500
005 20250616130707.0
008 250616s2023 ii a er 000 0 tam d
020 _cRM32.20
_qpaperback
040 _aPPAK
_beng
_cPPAK
_erda
082 0 4 _223
_a371.30281
090 0 0 _a371.30281
_bBAL
_dG
100 1 _6880-01
_aBalan, Veera,
_eauthor.
245 1 0 _6880-02
_aPayanulla Muraiyil Padippadhu Eppadi? = How to Study Effectively? /
_cVeera.Balan
264 1 _aTamil Nadu, India :
_bVeerabalan,
_c2023
300 _a96 pages :
_billustrations ;
_c22 cm
336 _atext
_2rdacontent
337 _aunmediated
_2rdamedia
338 _avolume
_2rdacarrier
650 1 0 _aStudy skills
880 1 _6100-01
_aபாலன், வீர.,
_eஆசிரியர்.
880 1 0 _6245-02
_aபயனுள்ள முறையின் படிப்பது எப்படி? /
_cவீர.பாலன்
942 _2ddc
_cB
999 _c199783
_d199783